Catalog

Record Details

Catalog Search



Available copies

  • 1 of 1 copy available at LARL/NWRL Consortium.

Current holds

0 current holds with 1 total copy.

Show Only Available Copies
Location Call Number / Copy Notes Barcode Shelving Location Status Due Date
Warroad Public Library C CAM (Text) 35500006522435 Main Available -

Record details

  • ISBN: 9781401690618 (softcover)
  • ISBN: 1401690610 (softcover)
  • Physical Description: pages ; cm.
  • Publisher: Nashville, Tennessee : Thomas Nelson, 2015.

Content descriptions

Summary, etc.:
"Two women, one in the present day and one in ... Read More
Genre: Christian fiction
LDR 02527cam a22003738i 4500
001175831
003LARL_NWRL_CONSORTIUM
00520150217120347.0
008141117s2015 tnu 000 1 eng
010 . ‡a2014040983
020 . ‡a9781401690618 (softcover)
020 . ‡a1401690610 (softcover)
035 . ‡a(OCoLC)883134068
040 . ‡aDLC ‡beng ‡erda ‡cDLC ‡dBTCTA ‡dBDX ‡dYDXCP
042 . ‡apcc
05000. ‡aPS3603.A4468 ‡bS68 2015
08200. ‡a813/.6 ‡223
1001 . ‡aCambron, Kristy. ‡0(LARL_NWRL_CONSORTIUM)221177
24512. ‡aA sparrow in Terezin ‡n#2/ ‡cKristy Cambron.
260 . ‡aNashville, Tennessee : ‡bThomas Nelson, ‡c2015.
300 . ‡apages ; cm.
336 . ‡atext ‡2rdacontent
337 . ‡aunmediated ‡2rdamedia
338 . ‡avolume ‡2rdacarrier
4900 . ‡aHidden Masterpiece ; ‡v2
520 . ‡a"Two women, one in the present day and one in 1942, each hope for a brighter future. But they'll both have to battle through their darkest days to reach it. Today. With the grand opening of her new gallery and a fairytale wedding months away, Sera James appears to have a charmed life. But in an instant, the prospect of a devastating legal battle surrounding her fiancé threatens to tear her dreams apart. Sera and William rush to marry and are thrust into a world of doubt and fear as they defend charges that could separate them for life. June 1942. After surviving the Blitz bombings that left many Londoners with shattered lives, Kája Makovsky prayed for the war to end so she could return home to Prague. But despite the horrors of war, the gifted journalist never expected to see a headline screaming the extermination of Jews in work camps. Half-Jewish with her family in danger, Kája has no choice but to risk everything to get her family out of Prague. But with the clutches of evil all around, her escape plan crumbles into deportation, and Kája finds herself in a new reality as the art teacher to the children of Terezin. Bound by a story of hope and the survival of one little girl, both Sera and Kája will fight to protect all they hold dear"-- ‡cProvided by publisher.
655 7. ‡aChristian fiction ‡2gsafd
948 . ‡hNO HOLDINGS IN LAL - 13 OTHER HOLDINGS
994 . ‡aZ0 ‡bLAL
901 . ‡a175831 ‡bOCLC ‡c175831 ‡tbiblio

Additional Resources